• 首页
  • 本馆介绍
  • 公告通知
  • 最新文献
  • 馆藏检索
  • 电子资源
  • 读者导购
  • 参考咨询
  • 我的图书馆
  • 登录
  • 详细信息显示
  • 放入我的书架
  • 预约/预借图书
  • 作者相关作品
  • 分类相关作品
  • 丛书相关作品
  • 出版社相关作品

书目信息

  • 表格格式
  • 工作单格式
  • 卡片格式
题名:
红色中国的挑战
    
 
作者: 斯坦因 著 ;李凤鸣 译
分册:  
出版信息: 上海   上海科学技术文献出版社  2015.03
页数: 248页
开本: 24cm
丛书名: 外国记者眼里的抗日战争
单 册:
中图分类: K265.106
科图分类:
主题词:
电子资源:
ISBN: 978-7-5439-6571-3
000 01076oam2 2200289 450
001 0120151529320
005 20160606172512.73
010    @a978-7-5439-6571-3@dCNY38.00
100    @a20150323d2015 em y0chiy50 ea
101 1  @achi@ceng
102    @aCN@b310000
105    @af z 000yy
106    @ar
200 1  @a红色中国的挑战@9hong se zhong guo de tiao zhan@f(美)G.斯坦因著@g李凤鸣译
210    @a上海@c上海科学技术文献出版社@d2015.03
215    @a248页@c照片(16页)@d24cm
225 2  @a外国记者眼里的抗日战争
300    @a本书由上海文化发展基金会图书出版专项基金资助出版
330    @a本书共分为七部分三十五章,主要内容包括:新民主主义的理论与实践;“劳动创造一切”;动员群众;战斗盟友三百万;中共努力作战目击记;一个世界问题的瞭望;一个中国呢,还是两个中国呢。
333    @a历史爱好者
461  0 @12001 @a外国记者眼里的抗日战争
601 02 @a中国共产党@x抗日战争@x史料
690    @aK265.106@v5
701  1 @c(美)@a斯坦因@9si tan yin@bG.@4著
702  0 @a李凤鸣@9li feng ming@4译
801  0 @aCN@b人天书店@c20150323
905    @b878608-13@dK265.106@e112@f6
    
    红色中国的挑战/(美)G.斯坦因著/李凤鸣译.-上海:上海科学技术文献出版社,2015.03
    248页:照片(16页);24cm.-(外国记者眼里的抗日战争)
    本书由上海文化发展基金会图书出版专项基金资助出版.-使用对象:历史爱好者
    
    ISBN 978-7-5439-6571-3:CNY38.00
    本书共分为七部分三十五章,主要内容包括:新民主主义的理论与实践;“劳动创造一切”;动员群众;战斗盟友三百万;中共努力作战目击记;一个世界问题的瞭望;一个中国呢,还是两个中国呢。
●
相关链接 在E读中查询图书 在五车中查询图书 在当当中查询图书 在豆瓣中查询图书


正题名:红色中国的挑战     索取号:K265.106/112         预约/预借

序号 登录号 条形码 馆藏地/架位号 状态 备注
1 878608   208786081   第二样本阅览室/ [索取号:K265.106/112] 在馆    
2 878609   208786090   教育系资料室/ [索取号:K265.106/112] 在馆    
3 878610   208786107   教育系资料室/ [索取号:K265.106/112] 在馆    
4 878611   208786116   教育系资料室/ [索取号:K265.106/112] 在馆    
5 878612   208786125   第二借阅区/ [索取号:K265.106/112] 在馆    
6 878613   208786134   第二借阅区/ [索取号:K265.106/112] 在馆    
唐山师范学院图书馆 欢迎您!
大连网信软件有限公司© 版权所有